000 00581nam a22002297a 4500
003 UA-OsUOA
001 98095
007 ta
008 20130409b un ||||| |||| 00| 0 ukr d
100 _aОсинин Н.
090 _a821.161.1
_bО-73
942 _cBK
040 _aUA-OsUOA
_brus
_cUA-OsUOA
_dUA-OsUOA
245 _aЧерез все прегради
_bповесть
300 _a230 с.
955 _a3
041 _arus
080 _a821.161.1
260 _c1963
650 7 _a82 Література. Літературознавство
_2UDC
999 _c385120
_d385120